Photosynthesis : (Record no. 160567)

MARC details
000 -LEADER
fixed length control field 00682nam a2200229 a 4500
008 - FIXED-LENGTH DATA ELEMENTS--GENERAL INFORMATION
fixed length control field
020 ## - INTERNATIONAL STANDARD BOOK NUMBER
International Standard Book Number 0582061431 (pbk.)
049 ## - LOCAL HOLDINGS (OCLC)
Holding library MAIN
090 ## - LOCALLY ASSIGNED LC-TYPE CALL NUMBER (OCLC); LOCAL CALL NUMBER (RLIN)
Classification number (OCLC) (R) ; Classification number, CALL (RLIN) (NR) QK882
Local cutter number (OCLC) ; Book number/undivided call number, CALL (RLIN) LAW
003 - CONTROL NUMBER IDENTIFIER
control field
005 - DATE AND TIME OF LATEST TRANSACTION
control field 20230123134129.0
040 ## - CATALOGING SOURCE
Transcribing agency NUST
100 1# - MAIN ENTRY--PERSONAL NAME
Personal name Lawlor, D. W.
245 10 - TITLE STATEMENT
Title Photosynthesis :
Remainder of title metabolism,control and physiology /
Statement of responsibility, etc. D.W. Lawlor.
260 ## - PUBLICATION, DISTRIBUTION, ETC.
Place of publication, distribution, etc. Harlow :
Name of publisher, distributor, etc. Longman Scientific & Technical ,
Date of publication, distribution, etc. 1987.
300 ## - PHYSICAL DESCRIPTION
Extent vii, 262 p. :
Other physical details ill. ;
Dimensions 24 cm.
504 ## - BIBLIOGRAPHY, ETC. NOTE
Bibliography, etc. note Includes bibliographical references.
500 ## - GENERAL NOTE
General note Includes index.
650 #0 - SUBJECT ADDED ENTRY--TOPICAL TERM
Topical term or geographic name entry element Photosynthesis.
907 ## - LOCAL DATA ELEMENT G, LDG (RLIN)
a .b10181404
b 23-04-12
c 17-11-05
942 ## - ADDED ENTRY ELEMENTS (KOHA)
Koha item type Ordinary Loan Books
Call number prefix QK882
Call number suffix LAW

No items available.